000
00213nam a22000857a 4500
008
170130b xxu||||| |||| 00| 0 eng d
100
_9
2648
_a
Carturight.S
245
_a
First Thousand Words
260
_a
New Yark
_b
NY
_c
1989
999
_c
5793
_d
5793